| 000 | 00375nam a2200145Ia 4500 | ||
|---|---|---|---|
| 008 | 230917s9999||||xx |||||||||||||| ||und|| | ||
| 040 |
_e49250 _aMAIN |
||
| 041 | _aEnglish | ||
| 082 | _a784.4 U1B | ||
| 100 | _aUpadhyaya, Haris, Tr | ||
| 245 | 0 | _aBhojpuri folk songs from Ballia | |
| 260 |
_aAtlanta _bIndia Enterprises Incorporated _c1988 |
||
| 300 | _a271 p. | ||
| 942 | _cBK | ||
| 999 |
_c73497 _d73497 |
||